[Event "Titled Tuesday intern op 14th Nov Early"]
[Site "Chess.com INT"]
[Date "2023.11.14"]
[Round "3"]
[White "Purtseladze, Maka"]
[Black "Bardyk, Artem"]
[Result "1/2-1/2"]
[WhiteElo "2261"]
[BlackElo "2206"]
[PlyCount "127"]
[EventDate "2023.11.14"]
[EventType "swiss (blitz)"]
[EventRounds "11"]
[EventCountry "USA"]
[SourceTitle "CB47_2023"]
[SourceDate "2023.11.22"]
[SourceVersion "1"]
[SourceVersionDate "2023.11.22"]
[SourceQuality "1"]

1. b3 d5 2. Bb2 Nf6 3. Nf3 Bf5 4. e3 e6 5. c4 c6 6. Nc3 Nbd7 7. Be2 h6 8. 0-0 Bd6 9. Nd4 Bh7 10. cxd5 exd5 11. f4 0-0 12. Qe1 Nc5 13. Qh4 Nfe4 14. Qxd8 Raxd8 15. Nxe4 Nxe4 16. Rfd1 Rfe8 17. a3 g5 18. g3 gxf4 19. gxf4 Bf8 20. Nf3 Bg7 21. Bxg7 Kxg7 22. b4 Kf6 23. Nd4 Bf5 24. Nxf5 Kxf5 25. Rac1 d4 26. Bd3 Kf6 27. Bxe4 Rxe4 28. Kf2 Rd5 29. Kf3 Kf5 30. Rc4 Re6 31. Rxd4 Rxd4 32. exd4 Re4 33. d3 Rxd4 34. Ke3 Rxf4 35. Rg1 Rh4 36. Rg7 Kf6 37. Rg8 Rxh2 38. Rb8 Ra2 39. Rxb7 Rxa3 40. Rc7 h5 41. Rxc6+ Kg5 42. Rc5+ f5 43. Rc7 h4 44. Rg7+ Kh6 45. Rg8 Kh7 46. Rg5 Ra6 47. Rxf5 Rh6 48. Rf2 h3 49. Rh2 Kg6 50. Kf4 Kf6 51. Kg4 Ke5 52. Rxh3 Rxh3 53. Kxh3 Kd4 54. Kg4 Kc3 55. b5 Kxd3 56. Kf3 Kc4 57. Ke3 Kxb5 58. Kd2 Kb4 59. Kc2 Ka3 60. Kb1 Kb3 61. Ka1 Ka3 62. Kb1 Kb3 63. Ka1 Ka3 64. Kb1 1/2-1/2

[Event "Titled Tuesday intern op 26th Sep Early"]
[Site "Chess.com INT"]
[Date "2023.09.26"]
[Round "9"]
[White "De Souza, Cristiano Gomes"]
[Black "Purtseladze, Maka"]
[Result "0-1"]
[WhiteElo "2018"]
[BlackElo "2261"]
[PlyCount "52"]
[EventDate "2023.09.26"]
[EventType "swiss (blitz)"]
[EventRounds "11"]
[EventCountry "USA"]
[SourceTitle "EXT 2024"]
[Source "ChessBase"]
[SourceDate "2023.10.10"]
[SourceVersion "1"]
[SourceVersionDate "2023.10.10"]
[SourceQuality "1"]

1. d4 e6 2. c4 d5 3. Nf3 Nf6 4. Nc3 dxc4 5. Bg5 Bb4 6. e4 b5 7. e5 h6 8. Bh4 g5 9. exf6 gxh4 10. Ne5 Qxf6 11. Be2 c6 12. Bf3 Bb7 13. 0-0 Bxc3 14. bxc3 h3 15. g3 Nd7 16. Nxc6 Rc8 17. d5 Bxc6 18. dxc6 Ne5 19. Be4 Ke7 20. a3 Rhd8 21. Qb1 Nf3+ 22. Kh1 Nd2 23. Qb4+ Ke8 24. Qxb5 Nxe4 25. c7+ Rd7 26. Rfd1 Qf3+ 0-1

[Event "Titled Tuesday intern op 26th Sep Early"]
[Site "Chess.com INT"]
[Date "2023.09.26"]
[Round "11"]
[White "Purtseladze, Maka"]
[Black "Kleiman, Jake"]
[Result "0-1"]
[WhiteElo "2261"]
[BlackElo "2399"]
[PlyCount "68"]
[EventDate "2023.09.26"]
[EventType "swiss (blitz)"]
[EventRounds "11"]
[EventCountry "USA"]
[SourceTitle "EXT 2024"]
[Source "ChessBase"]
[SourceDate "2023.10.10"]
[SourceVersion "1"]
[SourceVersionDate "2023.10.10"]
[SourceQuality "1"]

1. d3 d5 2. g3 h5 3. h4 Nc6 4. d4 Bf5 5. c3 e5 6. dxe5 Nxe5 7. Nf3 Nxf3+ 8. exf3 Qd7 9. Bd3 0-0-0 10. 0-0 Bxd3 11. Qxd3 Qh3 12. Be3 Bd6 13. Nd2 Ne7 14. Rfe1 Bxg3 15. fxg3 Qxg3+ 16. Kf1 Qxh4 17. Kg2 Qf6 18. Bf2 Nf5 19. Nb3 Rh6 20. Nd4 Rg6+ 21. Kf1 Ng3+ 22. Bxg3 Rxg3 23. Kf2 Rg5 24. Rg1 Re5 25. Rh1 Rde8 26. b4 g6 27. Qd2 R8e7 28. Rae1 Rxe1 29. Rxe1 Qh4+ 30. Kf1 Qh1+ 31. Kf2 Qh2+ 32. Kf1 Qxd2 33. Rxe7 Qxc3 34. Rxc7+ Qxc7 0-1

[Event "TUR-chT"]
[Site "Ankara"]
[Date "2022.08.19"]
[Round "4.5"]
[White "Ozturk Orenli, Kubra"]
[Black "Purtseladze, Maka"]
[Result "0-1"]
[WhiteElo "2334"]
[BlackElo "2266"]
[PlyCount "114"]
[EventDate "2022.08.16"]
[EventType "team-tourn"]
[EventRounds "13"]
[EventCountry "TUR"]
[SourceTitle "CBM 209 Extra"]
[Source "ChessBase"]
[SourceDate "2022.09.30"]
[SourceVersion "1"]
[SourceVersionDate "2022.09.30"]
[SourceQuality "1"]
[WhiteTeam "Gokturk"]
[BlackTeam "Tas Duvar"]
[WhiteTeamCountry "TUR"]
[BlackTeamCountry "TUR"]

1. d4 Nf6 2. Nf3 d5 3. c4 e6 4. Nc3 Be7 5. Qc2 c5 6. cxd5 exd5 7. e3 cxd4 8. Nxd4 Nc6 9. Nxc6 bxc6 10. Be2 0-0 11. 0-0 Bd6 12. Bd2 Qe7 13. Rac1 Bg4 14. Qd1 h5 15. h3 Bd7 16. Re1 Rab8 17. Qc2 c5 18. f4 d4 19. Nd1 Ne4 20. Bf3 Nxd2 21. Qxd2 Qf6 22. b3 dxe3 23. Nxe3 Qxf4 24. Rcd1 Qh2+ 25. Kf1 Bb5+ 26. Nc4 Bxc4+ 27. bxc4 Be5 28. Qd5 Rb2 29. Re2 Bd4 30. Rxd4 Qh1+ 31. Kf2 Rxe2+ 32. Bxe2 cxd4 33. Qxd4 a5 34. Qc5 Qc1 35. Qxa5 Qf4+ 36. Kg1 Qe3+ 37. Kf1 Rb8 38. Qf5 g6 39. Qc2 Qf4+ 40. Ke1 Qd4 41. Qd3 Qa1+ 42. Kf2 Qxa2 43. Kg1 Qa1+ 44. Bf1 Qa7+ 45. Kh2 h4 46. Qd6 Rb1 47. Qd3 Rc1 48. Qe2 Qd4 49. Kh1 Qf4 50. Kg1 Qd4+ 51. Kh2 Qd1 52. Qxd1 Rxd1 53. Be2 Rc1 54. Bd3 Kg7 55. Be2 f5 56. Bd3 Kf6 57. Be2 Ke5 0-1

[Event "TUR-chT"]
[Site "Ankara"]
[Date "2022.08.16"]
[Round "1.3"]
[White "Purtseladze, Maka"]
[Black "Badelka, Olga"]
[Result "0-1"]
[WhiteElo "2266"]
[BlackElo "2437"]
[PlyCount "88"]
[EventDate "2022.08.16"]
[EventType "team-tourn"]
[EventRounds "13"]
[EventCountry "TUR"]
[SourceTitle "CBM 209 Extra"]
[Source "ChessBase"]
[SourceDate "2022.09.30"]
[SourceVersion "1"]
[SourceVersionDate "2022.09.30"]
[SourceQuality "1"]
[WhiteTeam "Tas Duvar"]
[BlackTeam "Bayegan Pendik"]
[WhiteTeamCountry "TUR"]
[BlackTeamCountry "TUR"]

1. d4 Nf6 2. c4 e6 3. Nc3 d5 4. Bg5 dxc4 5. e4 h6 6. Bh4 Bb4 7. Bxc4 g5 8. Bg3 Nxe4 9. Nge2 Nd7 10. d5 Nxg3 11. hxg3 e5 12. Qc2 Nb6 13. Bb5+ Bd7 14. 0-0-0 Qe7 15. Bxd7+ Qxd7 16. Qe4 Bd6 17. g4 0-0-0 18. f3 Bc5 19. Qd3 Kb8 20. Kb1 Qe8 21. b3 c6 22. Qc2 cxd5 23. Nxd5 Nxd5 24. Qxc5 Qe6 25. Ng3 Rd7 26. Rc1 Nf4 27. Rcd1 Rc8 28. Qb5 Rdc7 29. Ne4 a6 30. Qa5 Rc6 31. Qd2 f5 32. gxf5 Qxf5 33. g3 Ne6 34. Rxh6 g4 35. Qd3 Qxf3 36. Qxf3 gxf3 37. Rf6 Nd4 38. Rxc6 Rxc6 39. g4 Rh6 40. g5 Rh2 41. Nf6 Rg2 42. Nd7+ Ka7 43. Nxe5 Ne2 44. Rf1 f2 0-1

[Event "GEO-ch (Women) 79th"]
[Site "Tbilisi"]
[Date "2022.06.07"]
[Round "2"]
[White "Javakhishvili, Lela"]
[Black "Purtseladze, Maka"]
[Result "1-0"]
[WhiteElo "2477"]
[BlackElo "2287"]
[PlyCount "39"]
[EventDate "2022.06.06"]
[EventType "tourn"]
[EventRounds "9"]
[EventCountry "GEO"]
[SourceTitle "EXT 2023"]
[Source "ChessBase"]
[SourceDate "2022.10.05"]
[SourceVersion "1"]
[SourceVersionDate "2022.10.05"]
[SourceQuality "1"]

1. d4 d5 2. c4 e6 3. Nc3 Be7 4. Bf4 Nf6 5. e3 0-0 6. Nf3 c5 7. dxc5 Bxc5 8. Qc2 Nc6 9. Rd1 Qa5 10. a3 Ne4 11. cxd5 Nxc3 12. bxc3 exd5 13. Rxd5 Ne7 14. Ng5 g6 15. Rd2 Bxa3 16. Bc4 b5 17. Bxf7+ Kg7 18. Be5+ Kh6 19. Qe4 Nf5 20. Qf4 1-0

[Event "Titled Tuesday intern op 10th May Late"]
[Site "Chess.com INT"]
[Date "2022.05.10"]
[Round "3"]
[White "Piliczewski, Bogusz"]
[Black "Purtseladze, Maka"]
[Result "0-1"]
[WhiteElo "1931"]
[BlackElo "2287"]
[PlyCount "54"]
[EventDate "2022.05.10"]
[EventType "swiss (blitz)"]
[EventRounds "11"]
[EventCountry "USA"]
[SourceTitle "CBM 208 Extra"]
[Source "ChessBase"]
[SourceDate "2022.07.31"]
[SourceVersion "1"]
[SourceVersionDate "2022.07.31"]
[SourceQuality "1"]

1. d4 Nf6 2. Nf3 e6 3. Bf4 c5 4. c3 d5 5. e3 Bd6 6. Ne5 0-0 7. Bd3 Qe7 8. Nd2 Nfd7 9. Nxd7 Nxd7 10. Bxd6 Qxd6 11. dxc5 Nxc5 12. Bc2 b6 13. 0-0 Ba6 14. Re1 Nd3 15. Bxd3 Bxd3 16. e4 Rfd8 17. Nf3 Bxe4 18. Ng5 Bg6 19. h4 h6 20. h5 Bf5 21. g4 Qf4 22. gxf5 Qxg5+ 23. Kf1 Qxf5 24. Qe2 Qh3+ 25. Kg1 Rac8 26. Rad1 Rc4 27. Rd3 Rg4+ 0-1

[Event "Titled Tuesday intern op 10th May Late"]
[Site "Chess.com INT"]
[Date "2022.05.10"]
[Round "4"]
[White "Purtseladze, Maka"]
[Black "Kanyamarala, Tarun"]
[Result "0-1"]
[WhiteElo "2287"]
[BlackElo "2388"]
[PlyCount "46"]
[EventDate "2022.05.10"]
[EventType "swiss (blitz)"]
[EventRounds "11"]
[EventCountry "USA"]
[SourceTitle "CBM 208 Extra"]
[Source "ChessBase"]
[SourceDate "2022.07.31"]
[SourceVersion "1"]
[SourceVersionDate "2022.07.31"]
[SourceQuality "1"]

1. d4 Nf6 2. Bg5 c5 3. Bxf6 exf6 4. e3 d5 5. Nc3 Nc6 6. dxc5 Be6 7. Nf3 Bxc5 8. Bd3 d4 9. exd4 Nxd4 10. 0-0 0-0 11. Be4 f5 12. Nxd4 Bxd4 13. Bd3 Qf6 14. Na4 a6 15. c3 Ba7 16. c4 Bd4 17. Qc2 Rac8 18. Nc3 Bxc4 19. Bxc4 Rxc4 20. Qb3 b5 21. Nd5 Qe5 22. Nb4 Qd6 23. Rad1 Qxb4 0-1

[Event "Titled Tuesday intern op 10th May Late"]
[Site "Chess.com INT"]
[Date "2022.05.10"]
[Round "2"]
[White "Purtseladze, Maka"]
[Black "Stoleriu, George"]
[Result "0-1"]
[WhiteElo "2287"]
[BlackElo "2411"]
[PlyCount "118"]
[EventDate "2022.05.10"]
[EventType "swiss (blitz)"]
[EventRounds "11"]
[EventCountry "USA"]
[SourceTitle "CBM 208 Extra"]
[Source "ChessBase"]
[SourceDate "2022.07.31"]
[SourceVersion "1"]
[SourceVersionDate "2022.07.31"]
[SourceQuality "1"]

1. d4 e6 2. c4 Nf6 3. Nc3 Bb4 4. Qc2 0-0 5. a3 Bxc3+ 6. Qxc3 b5 7. cxb5 c6 8. e3 cxb5 9. Bxb5 Bb7 10. Nf3 Ne4 11. Qb4 Nc6 12. Qa4 Ng5 13. Nd2 Rc8 14. h4 a6 15. Bd3 h6 16. hxg5 Qxg5 17. Be4 f5 18. Bf3 f4 19. Ne4 Qg6 20. Nd6 fxe3 21. Bxe3 Rb8 22. Nxb7 Rxb7 23. b4 Rc7 24. Qxa6 Ne7 25. Qd6 Rc2 26. Rd1 Nf5 27. Qe5 Ra2 28. Qe4 Qf6 29. 0-0 Nh4 30. Bg4 Kh8 31. Qe5 Qf7 32. Bh3 Kh7 33. Qe4+ Ng6 34. Qd3 Kh8 35. Qc4 Rxa3 36. b5 Nh4 37. Qb4 Ra2 38. Qb3 Raa8 39. b6 Rab8 40. b7 d5 41. Rb1 Qg6 42. g3 Nf3+ 43. Kg2 Qh5 44. Rh1 Qf7 45. Bg4 Kg8 46. Bxf3 Qxf3+ 47. Kg1 h5 48. Rh4 Qf5 49. Rf4 Qg6 50. Rxf8+ Kxf8 51. Qb4+ Kg8 52. Qd6 Qxb1+ 53. Kg2 Qxb7 54. Qxe6+ Qf7 55. Qd6 Re8 56. Bf4 Qe6 57. Qc5 Qe4+ 58. Kh3 Rf8 59. Qd6 Qh1# 0-1

[Event "Titled Tuesday intern op 22nd Feb Early"]
[Site "Chess.com INT"]
[Date "2022.02.22"]
[Round "5"]
[White "Nenezic, Marko"]
[Black "Purtseladze, Maka"]
[Result "1-0"]
[WhiteElo "2525"]
[BlackElo "2287"]
[PlyCount "45"]
[EventDate "2022.02.22"]
[EventType "swiss (blitz)"]
[EventRounds "11"]
[EventCountry "USA"]
[SourceTitle "CBM 207 Extra"]
[Source "ChessBase"]
[SourceDate "2022.05.31"]
[SourceVersion "1"]
[SourceVersionDate "2022.05.31"]
[SourceQuality "1"]

1. Nf3 g6 2. c4 Bg7 3. d4 d6 4. e4 Bg4 5. Be2 Bxf3 6. Bxf3 Nc6 7. Be3 e5 8. d5 Nd4 9. Bxd4 exd4 10. Nd2 c5 11. Be2 Ne7 12. Bd3 0-0 13. 0-0 f5 14. exf5 Nxf5 15. Qg4 Be5 16. g3 Kg7 17. Rae1 h5 18. Qh3 Qg5 19. f4 Bxf4 20. Rxf4 Nxg3 21. Qxg3 Qxf4 22. Qxg6+ Kh8 23. Qh7# 1-0

[Event "Titled Tuesday intern op 18th Jan"]
[Site "Chess.com INT"]
[Date "2022.01.18"]
[Round "5"]
[White "Bodnar, Nikolay"]
[Black "Purtseladze, Maka"]
[Result "1-0"]
[WhiteElo "2438"]
[BlackElo "2287"]
[PlyCount "131"]
[EventDate "2022.01.18"]
[EventType "swiss (blitz)"]
[EventRounds "11"]
[EventCountry "USA"]
[SourceTitle "CBM 206 Extra"]
[Source "ChessBase"]
[SourceDate "2022.03.31"]
[SourceVersion "1"]
[SourceVersionDate "2022.03.31"]
[SourceQuality "1"]

1. e4 c6 2. d4 d5 3. e5 Bf5 4. Nf3 e6 5. Be2 Ne7 6. 0-0 Ng6 7. a4 a5 8. c4 Bxb1 9. Rxb1 Na6 10. cxd5 Qxd5 11. Be3 Be7 12. Nd2 0-0 13. Nc4 Nh4 14. f3 Nf5 15. Bf2 Qd8 16. g4 Nh4 17. Nd6 Bxd6 18. exd6 Nb4 19. Bg3 Nd5 20. Qd2 Ng6 21. Bd3 f5 22. Be5 Qh4 23. Qf2 Qg5 24. f4 Qxg4+ 25. Kh1 Qh3 26. Qg3 Qxg3 27. hxg3 Rfd8 28. Rfc1 Nh8 29. Bc4 Nf7 30. Bxd5 exd5 31. b4 Nxd6 32. bxa5 Rxa5 33. Bxd6 Rxd6 34. Rxb7 Rh6+ 35. Kg2 Re6 36. Ra1 h6 37. Rc7 Ra6 38. a5 Re4 39. Rb7 Rxd4 40. Kf3 Rd3+ 41. Ke2 Rxg3 42. Kd2 h5 43. Kc2 h4 44. Rb6 Ra8 45. a6 Kh7 46. a7 h3 47. Rb8 Rg2+ 48. Kd3 Rg3+ 49. Ke2 Rxa7 50. Rxa7 h2 51. Raa8 Kg6 52. Rh8 Rg2+ 53. Kf3 Rb2 54. Kg3 Rc2 55. Rxh2 Rc3+ 56. Kg2 d4 57. Rd8 c5 58. Rh3 Rc2+ 59. Kf1 Kf6 60. Rd5 Ke6 61. Re5+ Kd6 62. Rd3 Kc6 63. Rxf5 Kb5 64. Rxd4 Rc1+ 65. Ke2 Rc2+ 66. Kd1 1-0

[Event "Titled Tuesday intern op 18th Jan"]
[Site "Chess.com INT"]
[Date "2022.01.18"]
[Round "3"]
[White "Purtseladze, Maka"]
[Black "Gomez Ledo, Roberto Carlos"]
[Result "0-1"]
[WhiteElo "2287"]
[BlackElo "2471"]
[PlyCount "102"]
[EventDate "2022.01.18"]
[EventType "swiss (blitz)"]
[EventRounds "11"]
[EventCountry "USA"]
[SourceTitle "CBM 206 Extra"]
[Source "ChessBase"]
[SourceDate "2022.03.31"]
[SourceVersion "1"]
[SourceVersionDate "2022.03.31"]
[SourceQuality "1"]

1. d4 Nf6 2. Nc3 d6 3. e4 e5 4. dxe5 dxe5 5. Qxd8+ Kxd8 6. Bg5 Be6 7. 0-0-0+ Nbd7 8. Bb5 c6 9. Ba4 Be7 10. f3 Nh5 11. Be3 Kc7 12. Bb3 Bxb3 13. axb3 Nhf6 14. Nge2 Bc5 15. Bg5 h6 16. Bh4 g5 17. Be1 Nh5 18. Ng3 Nxg3 19. hxg3 h5 20. Bd2 f6 21. Rh3 Rh7 22. Rdh1 Rah8 23. Nd1 Nf8 24. Be3 Be7 25. Bf2 Ne6 26. Ne3 Ng7 27. Nf5 Nxf5 28. exf5 b6 29. g4 h4 30. g3 Bc5 31. Bxc5 bxc5 32. Kd2 e4 33. f4 e3+ 34. Ke2 Rd8 35. gxh4 gxf4 36. Kf3 Re7 37. R1h2 Rd2 38. Re2 Rxe2 39. Kxe2 Rd7 40. h5 Rd2+ 41. Ke1 Rf2 42. h6 f3 43. h7 Re2+ 44. Kf1 Rf2+ 45. Kg1 Rg2+ 46. Kf1 e2+ 47. Ke1 Rg1+ 48. Kd2 e1Q+ 49. Kd3 Qe2+ 50. Kc3 Qe3+ 51. Kc4 Qd4# 0-1

[Event "Titled Tuesday intern op 04th Jan"]
[Site "Chess.com INT"]
[Date "2022.01.04"]
[Round "6"]
[White "Kovacs, Klara"]
[Black "Purtseladze, Maka"]
[Result "0-1"]
[WhiteElo "2187"]
[BlackElo "2287"]
[PlyCount "66"]
[EventDate "2022.01.04"]
[EventType "swiss (blitz)"]
[EventRounds "11"]
[EventCountry "USA"]
[SourceTitle "EXT 2023"]
[Source "ChessBase"]
[SourceDate "2022.10.05"]
[SourceVersion "1"]
[SourceVersionDate "2022.10.05"]
[SourceQuality "1"]

1. Nf3 d5 2. g3 c5 3. Bg2 Nc6 4. 0-0 Nf6 5. d4 cxd4 6. Nxd4 e5 7. Nxc6 bxc6 8. c4 Be7 9. cxd5 cxd5 10. Nc3 Be6 11. Qa4+ Qd7 12. Qh4 Ne4 13. Qh5 Nxc3 14. Qxe5 Bf6 15. Qe3 Ne4 16. Rd1 Qb7 17. f3 Nd6 18. Qc5 Qb6 19. Be3 Qxc5 20. Bxc5 Nb7 21. Ba3 Be7 22. e4 Bxa3 23. bxa3 dxe4 24. fxe4 Ke7 25. e5 Rab8 26. Rab1 Nc5 27. Rbc1 Rhc8 28. h4 Nd7 29. Kh2 Nxe5 30. Rxc8 Rxc8 31. Re1 Ng4+ 32. Kg1 Rc2 33. Bd5 Rd2 0-1

[Event "Titled Tuesday intern op 04th Jan"]
[Site "Chess.com INT"]
[Date "2022.01.04"]
[Round "5"]
[White "Purtseladze, Maka"]
[Black "Bon, Michael"]
[Result "1-0"]
[WhiteElo "2287"]
[BlackElo "2408"]
[PlyCount "97"]
[EventDate "2022.01.04"]
[EventType "swiss (blitz)"]
[EventRounds "11"]
[EventCountry "USA"]
[SourceTitle "EXT 2023"]
[Source "ChessBase"]
[SourceDate "2022.10.05"]
[SourceVersion "1"]
[SourceVersionDate "2022.10.05"]
[SourceQuality "1"]

1. d4 d5 2. c4 e6 3. Nc3 a6 4. cxd5 exd5 5. Bf4 Nf6 6. e3 c5 7. dxc5 Bxc5 8. Nf3 Nc6 9. Be2 0-0 10. 0-0 d4 11. Na4 Ba7 12. exd4 Nxd4 13. Nxd4 Bxd4 14. Rc1 Be6 15. b3 Rc8 16. Rxc8 Bxc8 17. Qc1 b5 18. Nc5 Qb6 19. b4 Nd5 20. Bd2 Bf5 21. Bf3 Nf6 22. Be3 Rd8 23. Bxd4 Rxd4 24. a3 a5 25. Rd1 Rxd1+ 26. Qxd1 axb4 27. axb4 h6 28. h3 Qa7 29. Qd8+ Kh7 30. Qa5 Qb8 31. g4 Be6 32. Kg2 Bd5 33. Qa3 Bxf3+ 34. Qxf3 Qd6 35. Qf5+ Kg8 36. Qd3 Qd5+ 37. Qxd5 Nxd5 38. Nd3 Kf8 39. Kf3 Ke7 40. Ke4 Kd6 41. Kd4 f6 42. f4 g5 43. fxg5 hxg5 44. Ke4 Ke6 45. Nc5+ Kd6 46. Kf5 Nxb4 47. Ne4+ Ke7 48. Nxf6 Nd3 49. Kxg5 1-0

[Event "Titled Tuesday intern op 04th Jan"]
[Site "Chess.com INT"]
[Date "2022.01.04"]
[Round "4"]
[White "Von Buelow, Georg"]
[Black "Purtseladze, Maka"]
[Result "1-0"]
[WhiteElo "2361"]
[BlackElo "2287"]
[PlyCount "67"]
[EventDate "2022.01.04"]
[EventType "swiss (blitz)"]
[EventRounds "11"]
[EventCountry "USA"]
[SourceTitle "EXT 2023"]
[Source "ChessBase"]
[SourceDate "2022.10.05"]
[SourceVersion "1"]
[SourceVersionDate "2022.10.05"]
[SourceQuality "1"]

1. e4 c6 2. d4 d5 3. e5 a6 4. h4 h5 5. Bd3 c5 6. c3 Nc6 7. Be3 cxd4 8. cxd4 Qb6 9. Nc3 Qxb2 10. Nge2 e6 11. 0-0 Qa3 12. Rb1 Bb4 13. Na4 Ba5 14. Nc5 Nge7 15. Rb3 Qxa2 16. Bb1 Qa1 17. Qc1 Bb4 18. Nd3 Qa4 19. Bc2 Qa5 20. Nxb4 Nxb4 21. Bd2 Nec6 22. Qb2 Qb5 23. Bxb4 Qxe2 24. Bc5 Qg4 25. Rg3 Qe2 26. Rxg7 Qb5 27. Qc3 Na5 28. Qf3 Qd7 29. Rc1 b5 30. Bd3 Rf8 31. Qxh5 Nc4 32. Rxf7 Rxf7 33. Bg6 Ra7 34. Qh8# 1-0